Handbook of trout and salmon diseases
Saved in:
| Main Authors: | , |
|---|---|
| Format: | Bog |
| Sprog: | engelsk |
| Udgivet: |
Surrey
Fishing News Books
1974
|
| Fag: | |
| Tags: |
Tilføj Tag
Ingen Tags, Vær først til at tagge denne postø!
|
MARC
| LEADER | 00000nam a2200000 a 4500 | ||
|---|---|---|---|
| 001 | UCY3555 | ||
| 003 | CL-VaPUC | ||
| 008 | 950104e19740000UK |||||||||||||||||eng|d | ||
| 082 | 0 | 4 | |a 597.56 |b ROB |2 21 |
| 100 | 0 | |a Roberts, Ronald J |e author |9 331878 | |
| 700 | 0 | |a Shepherd, C. Jonathan |e author |9 331879 | |
| 245 | 1 | 0 | |a Handbook of trout and salmon diseases |
| 300 | |a 168 p | ||
| 942 | |c BK | ||
| 945 | |d 19950104 00:00:00 |a mfernand | ||
| 260 | |a Surrey |b Fishing News Books |c 1974 | ||
| 650 | 7 | |a ENFERMEDADES DE LOS PECES |2 CL-VaPUC |9 259987 | |
| 650 | 7 | |a SALMON |2 CL-VaPUC |9 261349 | |
| 650 | 7 | |a TRUCHAS |2 CL-VaPUC |9 261157 | |
| 583 | |a last modification |c 20120821 11:25:39 |k Rodrigo Vera | ||
| 999 | |c 231659 |d 231657 | ||
| 952 | |0 0 |1 0 |2 ddc |4 0 |6 597_560000000000000_ROB_1974 |7 0 |8 P |9 235110 |a BIBCUR |b BIBCUR |c PAC |d 2019-11-15 |i 304937K |o 597.56 ROB 1974 |p 304937K |r 2025-04-22 |w 2019-11-15 |y BK |k CIM | ||
| 952 | |0 0 |1 0 |2 ddc |4 0 |6 597_560000000000000_ROB_1974 |7 0 |8 P |9 235111 |a BIBCUR |b BIBCUR |c PAC |d 2019-11-15 |i 3961176 |o 597.56 ROB 1974 |p 3961176 |r 2025-04-22 |w 2019-11-15 |y BK |k CIM | ||